000 00502nam a2200181Ia 4500
005 20250326125755.0
008 250326s9999 xx 000 0 und d
037 _aTextbook
040 _aFMSL
_beng
_cFMSL
041 _aeng
_2eng
084 _aX:51 N5
_qFMSL
100 _aSTAVDT
_9739661
245 0 _aManagerial introduction to marketing
_cStavdt; Taylor
260 _aNew Jersey
_bNew Jersey, P H India
_c1965
300 _a560p
942 _cTB
_hX:51 N5
999 _c1279506
_d1279506